|
|
|
|
| LEADER |
00000nam0a2200000 4500 |
| 001 |
261091 |
| 005 |
20231101233532.0 |
| 010 |
|
|
|a 5030003991
|
| 035 |
|
|
|a (RuTPU)RU\TPU\book\284064
|
| 090 |
|
|
|a 261091
|
| 100 |
|
|
|a 20140521d1988 km y0rusy50 ca
|
| 101 |
1 |
|
|a rus
|c jpn
|
| 102 |
|
|
|a RU
|
| 105 |
|
|
|a a z 001zy
|
| 200 |
1 |
|
|a Языки программирования и схемотехника СБИС
|e пер. с япон.
|f К. Фути, Н. Судзуки
|
| 210 |
|
|
|a Москва
|c Мир
|d 1988
|
| 215 |
|
|
|a 224 с.
|c ил.
|
| 320 |
|
|
|a Предметный указатель: с. 221-223.
|
| 606 |
1 |
|
|a Языки программирования
|2 stltpush
|3 (RuTPU)RU\TPU\subj\65957
|9 82264
|
| 606 |
1 |
|
|a Схемотехника интегральная
|2 stltpush
|3 (RuTPU)RU\TPU\subj\58367
|9 76160
|
| 610 |
1 |
|
|a данные
|
| 610 |
1 |
|
|a структура
|
| 610 |
1 |
|
|a управление
|
| 610 |
1 |
|
|a отношения
|
| 610 |
1 |
|
|a объекты
|
| 610 |
1 |
|
|a Смолток
|
| 610 |
1 |
|
|a процессоры
|
| 610 |
1 |
|
|a архитектура
|
| 675 |
|
|
|a 681.3.06:800.92
|v 3
|
| 675 |
|
|
|a 621.382.049.771
|v 3
|
| 700 |
|
1 |
|a Фути
|b К.
|g Кадзухиро
|
| 701 |
|
1 |
|a Судзуки
|b Н.
|g Норихиса
|
| 801 |
|
1 |
|a RU
|b 63413507
|c 20140521
|
| 801 |
|
2 |
|a RU
|b 63413507
|c 20160120
|g RCR
|
| 942 |
|
|
|c BK
|